Luật thủy sản

Nội dung bộ luật : Bảo vệ và phát triển nguồn loeij thủy sản , khai thác thủy sản , nuôi trồng thủy sản và cơ sở hoạt động thủy sản , chế biến , mua , xuất nhập khẩu thủy sản ,.....

Na minha lista:
Detalhes bibliográficos
Formato: Livro
Publicado em: H. Chính trị quốc gia 2003
Assuntos:
Tags: Adicionar Tag
Sem tags, seja o primeiro a adicionar uma tag!
Thư viện lưu trữ: Trung tâm Học liệu Lê Vũ Hùng, Trường Đại học Đồng Tháp
LEADER 00895pam a22002058a 4500
001 00000753
005 20171026081022.0
008 110323s2003 ||||||Viesd
041 0 # |a Vie 
082 1 4 |a 346.597 04  |b L504T 
245 0 0 |a Luật thủy sản 
260 # # |a H.  |b Chính trị quốc gia  |c 2003 
300 # # |a 57 tr.  |c 19 cm. 
520 3 # |a Nội dung bộ luật : Bảo vệ và phát triển nguồn loeij thủy sản , khai thác thủy sản , nuôi trồng thủy sản và cơ sở hoạt động thủy sản , chế biến , mua , xuất nhập khẩu thủy sản ,..... 
650 # 4 |a Pháp luật 
653 # # |a Pháp luật  |a Việt Nam  |a Luật Thủy sản 
852 # # |b Kho đọc  |j KD.0000647 
852 # # |j KD.0000647 
910 |d 23/03/2011 
980 # # |a Trung tâm Học liệu Lê Vũ Hùng, Trường Đại học Đồng Tháp